Rosa Argentina 2022 - Statistics

Statistiche generali
  • Questo quiz è stato fatto 282 volte
  • Il punteggio medio è 17 su 26
Statistiche sulle risposte
Ruolo Club dell'epoca Calciatore % Corretto
Paris-Saint Germain Lionel Messi
95%
Inter Lautaro Martinez
94%
Roma Paulo Dybala
94%
Manchester City Julián Álvarez
87%
Juventus Ángel Di María
84%
Aston Villa Emiliano Martínez
84%
Tottenham Cristian Romero
78%
Juventus Leandro Paredes
78%
Benfica Nicolás Otamendi
78%
Brighton Alexis Mac Allister
72%
Centrocampista Atletico Madrid Rodrigo de Paul
71%
Manchester United Lisandro Martinez
70%
Benfica Enzo Fernández
69%
Portiere River Plate Franco Armani
68%
Villarreal Gerónimo Rulli
67%
Atletico Madrid Nahuel Molina
62%
Difensore Siviglia Marcos Acuña
61%
Atletico Madrid Ángel Correa
60%
Siviglia Gonzalo Montiel
60%
Bayer Leverkusen Exequiel Palacios
53%
Olympique Marsiglia Nicolás Tagliafico
47%
Villarreal Juan Foyth
44%
Siviglia Alejandro Gómez
37%
Attaccante Atlanta Utd Thiago Almada
35%
Betis Siviglia Germán Pezzella
30%
Betis Siviglia Guido Rodriguez
25%
Nessun quiz corrispondente trovato
Distribuzione punteggi
Percentuale di utenti per punteggio
Percentile per numero di risposta
I tuoi punteggi nel tempo
Non hai fatto questo quiz